000 00562nam a22002057a 4500
003 OSt
005 20140310182915.0
008 130129t xxu||||| |||| 00| 0 eng d
020 _a9712329747
050 _aKPM 988
_b.D278 2000
082 _aFIL 346.599
_b.D278 2000
245 _aTextbook on agrarian reform and taxation (with cooperatives)
_cDe Leon, Hector S.
260 _aManila
_bRex Book Store
_c2000
300 _a430 p.
_c23 cm.
521 _acollege students
526 _c1210L-1700L
541 _j1
562 _e1
942 _2lcc
_cBK
_kFIL
999 _c17284
_d17284